000
00292nam a22001217a 4500
005
20250730110751.0
008
250730b |||||||| |||| 00| 0 eng d
020
_a
9780521561853
_q
hbk
082
_a
509.22
_b
MIL
100
_a
David
245
_a
Dictionary Of Scientists
_c
David
942
_c
REF
999
_c
577987
_d
577987